|
|
|
|
| LEADER |
00000nam a22000007a 4500 |
| 005 |
20220916231528.0 |
| 007 |
cr|||| |||| |
| 008 |
220916s2011 us |||||s|||| 00||0 eng d |
| 020 |
|
|
|a 978-158576-152-4
|
| 035 |
|
|
|a 36371
|
| 040 |
|
|
|a vLex
|
| 090 |
|
|
|c 13930
|d 13930
|
| 100 |
1 |
|
|a Czarnezki, Jason J.
|
| 245 |
1 |
0 |
|a Everyday Environmentalism
|h [Recurso electrn̤ico] :
|b Law, Nature & Individual Behavior /
|c Jason J. Czarnezki
|
| 256 |
|
|
|a Servicio en ln̕ea
|
| 260 |
|
|
|a Washington DC:
|b Environmental Law Institute,
|c 2011
|
| 300 |
|
|
|a 1 recurso electrn̤ico
|
| 500 |
|
|
|a Faced with the seemingly overwhelming prospect of global climate change and its consequences, is there anything that a person can do to make a difference? “Yes, there is!” says Jason Czarnezki. Writing as a lawyer and environmentalist, he addresses the small personal choices that individuals can make in order to have a positive effect on the natural world. Czarnezki compellingly describes the historical and contemporary forces in the United States that have led to a culture of “convenience, consumerism, and consumption.” He also investigates the individual decisions that have the worst environmental impacts, along with the ecological costs of our food choices and the environmental costs of sprawl. Ever aware of the importance of personal choice, Czarnezki offers a thoughtful consideration of how public policy can positively affect individual behavior
|
| 506 |
1 |
|
|a Disponible solo en los productos indicados
|d vLex Global
|d vLex Global (Academic Edition, excluding Law Schools)
|d vLex Global (Academic Edition, Law Schools)
|
| 650 |
0 |
4 |
|a Derecho del Medio Ambiente
|z Estados Unidos
|
| 740 |
0 |
|
|a vLex Libros (Servicio en ln̕ea)
|
| 856 |
4 |
0 |
|u https://app.vlex.com/#/sources/36371
|z Acceso restringido
|
| 942 |
|
|
|c BOOK
|
| 999 |
0 |
|
|a Environmental Law
|